<?xml version='1.0' encoding='UTF-8'?>
  <record xmlns="http://www.loc.gov/MARC21/slim">
    <leader>00000cam a2200000 i 4500</leader>
    <controlfield tag="001">on1548577423</controlfield>
    <controlfield tag="003">OCoLC</controlfield>
    <controlfield tag="005">20251112061052.4</controlfield>
    <controlfield tag="008">251106s1496    gw a          000 0 lat d</controlfield>
    <datafield tag="040" ind1=" " ind2=" ">
      <subfield code="a">QGJ</subfield>
      <subfield code="b">eng</subfield>
      <subfield code="e">rda</subfield>
      <subfield code="e">dcrmr</subfield>
      <subfield code="c">QGJ</subfield>
      <subfield code="d">QGJ</subfield>
    </datafield>
    <datafield tag="035" ind1=" " ind2=" ">
      <subfield code="a">(OCoLC)1548577423</subfield>
    </datafield>
    <datafield tag="100" ind1="1" ind2=" ">
      <subfield code="a">Caoursin, Guillaume,</subfield>
      <subfield code="d">-1501,</subfield>
      <subfield code="e">author.</subfield>
      <subfield code="4">aut</subfield>
      <subfield code="1">https://id.oclc.org/worldcat/entity/E39PBJxhmQG4TXv9JTDxXbK68C</subfield>
    </datafield>
    <datafield tag="240" ind1="1" ind2="0">
      <subfield code="a">Obsidionis Rhodiae urbis descriptio</subfield>
    </datafield>
    <datafield tag="245" ind1="1" ind2="0">
      <subfield code="a">Guillelmi Caonrsin Rhodiorum Vicecancelarij: obsidionis Rhodie Vrbis descriptio.</subfield>
    </datafield>
    <datafield tag="246" ind1="1" ind2=" ">
      <subfield code="i">Title according to ISTC, IDL:</subfield>
      <subfield code="a">Rhodiorum historia (1480-89).</subfield>
    </datafield>
    <datafield tag="246" ind1="1" ind2=" ">
      <subfield code="i">Title according to GW:</subfield>
      <subfield code="a">Rhodiorum histora (1480-1489)</subfield>
    </datafield>
    <datafield tag="246" ind1="1" ind2=" ">
      <subfield code="i">Title according to BIB-Ink:</subfield>
      <subfield code="a">Historiae.</subfield>
    </datafield>
    <datafield tag="264" ind1=" " ind2="1">
      <subfield code="a">Impressum vlme :</subfield>
      <subfield code="b">p[er] ioanne[m] Reger.,</subfield>
      <subfield code="c">Anno d[omi]ni [et]c. M.ccccxcvj. Die. xxiiij. Octob[ris] [24 Oct. 1496]</subfield>
    </datafield>
    <datafield tag="300" ind1=" " ind2=" ">
      <subfield code="a">[60] leaves :</subfield>
      <subfield code="b">[36] illustrations (woodcuts) ;</subfield>
      <subfield code="c">30 cm (folio)</subfield>
    </datafield>
    <datafield tag="336" ind1=" " ind2=" ">
      <subfield code="a">text</subfield>
      <subfield code="b">txt</subfield>
      <subfield code="2">rdacontent</subfield>
    </datafield>
    <datafield tag="337" ind1=" " ind2=" ">
      <subfield code="a">unmediated</subfield>
      <subfield code="b">n</subfield>
      <subfield code="2">rdamedia</subfield>
    </datafield>
    <datafield tag="338" ind1=" " ind2=" ">
      <subfield code="a">volume</subfield>
      <subfield code="b">nc</subfield>
      <subfield code="2">rdacarrier</subfield>
    </datafield>
    <datafield tag="340" ind1=" " ind2=" ">
      <subfield code="m">folio</subfield>
      <subfield code="2">rdabf</subfield>
    </datafield>
    <datafield tag="500" ind1=" " ind2=" ">
      <subfield code="a">Title and statement of responsibility from caption leaf a2 recto. Authors name should be read as: Caoursin.</subfield>
    </datafield>
    <datafield tag="500" ind1=" " ind2=" ">
      <subfield code="a">Publication statement from colophon (leaf h6 recto), which reads: Impressum vlme p[er] ioanne[m] Reger. Anno d[omi]ni [et]c. M.ccccxcvj. Die. xxiij. Octob[ris]</subfield>
    </datafield>
    <datafield tag="500" ind1=" " ind2=" ">
      <subfield code="a">Printer's device with intials I. R. on leaf h4 recto.</subfield>
    </datafield>
    <datafield tag="500" ind1=" " ind2=" ">
      <subfield code="a">Woodcut initials.</subfield>
    </datafield>
    <datafield tag="500" ind1=" " ind2=" ">
      <subfield code="a">Signatures: a-f⁸ g-h⁶; h6v is blank.</subfield>
    </datafield>
    <datafield tag="505" ind1="0" ind2="0">
      <subfield code="g">a2 recto-b6recto:</subfield>
      <subfield code="t">Obsidionis Rhodie Vrbis descriptio. --</subfield>
      <subfield code="g">b7recto-c1recto:</subfield>
      <subfield code="t">De Terremotus labe, qua Rhodij affecti sunt. --</subfield>
      <subfield code="g">c2recto-c4recto:</subfield>
      <subfield code="t">Oratio in Senatu Rhodiorum de morte magni Thurci habita pridie Kalendas Junias. M.cccc.lxxxj.  --</subfield>
      <subfield code="g">c5 recto-e4recto:</subfield>
      <subfield code="t">De casu Regis Zyzymi: Commentarium --</subfield>
      <subfield code="g">e5 recto-f3recto:</subfield>
      <subfield code="t">De celeberrimo foedere: cu[m] thurco[rum] Rege Bagyazit per Rhodios inito: Commentarium --</subfield>
      <subfield code="g">f4 recto-f7recto:</subfield>
      <subfield code="t">De admissione regis Zyzymi in Gallias. [et] diligenti custodia asseruatione: exhortatio --</subfield>
      <subfield code="g">f8 recto-h2 recto</subfield>
      <subfield code="t">De tra[n]slatione sacre dextre sancti ioa[n]nis baptistae chr[ist]i p[re]cursoris: ex co[n]sta[n]tinopoli ad rhodios: co[m]mentariu[m] --</subfield>
      <subfield code="g">h3 recto-h4recto:</subfield>
      <subfield code="t">Ad summu[m] pontifice[m] Innocenciu[m] octauu[m] oratio. --</subfield>
      <subfield code="g">h5 recto-h6recto:</subfield>
      <subfield code="t">De traductione Zyzymi Suldani fratris magni Thurci ad vrbem. Commentarium.</subfield>
    </datafield>
    <datafield tag="510" ind1="4" ind2=" ">
      <subfield code="a">Incunabula short title catalogue,</subfield>
      <subfield code="c">ic00113000</subfield>
      <subfield code="u">https://data.cerl.org/istc/ic00113000</subfield>
    </datafield>
    <datafield tag="510" ind1="4" ind2=" ">
      <subfield code="a">Gesamtkatalog der Wiegendrucke,</subfield>
      <subfield code="c">06003</subfield>
      <subfield code="u">https://www.gesamtkatalogderwiegendrucke.de/docs/GW06003.htm</subfield>
    </datafield>
    <datafield tag="510" ind1="4" ind2=" ">
      <subfield code="a">Incunabula in Dutch Libraries,</subfield>
      <subfield code="c">1122</subfield>
    </datafield>
    <datafield tag="510" ind1="4" ind2=" ">
      <subfield code="a">Bayerische Staatsbibliothek Inkunabelkatalog,</subfield>
      <subfield code="c">C-85</subfield>
      <subfield code="u">https://inkunabeln.digitale-sammlungen.de/Ausgabe_C-85.html</subfield>
    </datafield>
    <datafield tag="510" ind1="4" ind2=" ">
      <subfield code="a">Typenrepertorium der Wiegedrucke,</subfield>
      <subfield code="c">ma07694</subfield>
      <subfield code="u">https://tw.staatsbibliothek-berlin.de/ma07694</subfield>
    </datafield>
    <datafield tag="546" ind1=" " ind2=" ">
      <subfield code="b">Typeface: 3:92G</subfield>
    </datafield>
    <datafield tag="651" ind1=" " ind2="0">
      <subfield code="a">Rhodes (Greece : Island)</subfield>
      <subfield code="v">Early works to 1800.</subfield>
    </datafield>
    <datafield tag="651" ind1=" " ind2="0">
      <subfield code="a">Rhodes (Greece : Island)</subfield>
      <subfield code="x">History</subfield>
      <subfield code="y">Siege, 1480</subfield>
      <subfield code="v">Early works to 1800.</subfield>
    </datafield>
    <datafield tag="651" ind1=" " ind2="6">
      <subfield code="a">Rhodes (Grèce : Île)</subfield>
      <subfield code="v">Ouvrages avant 1800.</subfield>
    </datafield>
    <datafield tag="651" ind1=" " ind2="7">
      <subfield code="a">Greece</subfield>
      <subfield code="z">Rhodes (Island)</subfield>
      <subfield code="2">fast</subfield>
      <subfield code="1">https://id.oclc.org/worldcat/entity/E39PBJwHg93PG6TTM7kFf9rjG3</subfield>
    </datafield>
    <datafield tag="650" ind1=" " ind2="7">
      <subfield code="a">Incunabula</subfield>
      <subfield code="2">fast</subfield>
    </datafield>
    <datafield tag="655" ind1=" " ind2="7">
      <subfield code="a">incunabula (books)</subfield>
      <subfield code="2">aat</subfield>
    </datafield>
    <datafield tag="655" ind1=" " ind2="7">
      <subfield code="a">History</subfield>
      <subfield code="2">fast</subfield>
    </datafield>
    <datafield tag="655" ind1=" " ind2="7">
      <subfield code="a">Early works</subfield>
      <subfield code="2">fast</subfield>
    </datafield>
    <datafield tag="655" ind1=" " ind2="7">
      <subfield code="a">Woodcuts</subfield>
      <subfield code="z">Germany</subfield>
      <subfield code="y">15th century.</subfield>
      <subfield code="2">gmgpc</subfield>
    </datafield>
    <datafield tag="655" ind1=" " ind2="7">
      <subfield code="a">Incunables.</subfield>
      <subfield code="2">rvmgf</subfield>
    </datafield>
    <datafield tag="700" ind1="1" ind2=" ">
      <subfield code="a">Reger, Johann,</subfield>
      <subfield code="d">active 1486-1499,</subfield>
      <subfield code="e">printer.</subfield>
      <subfield code="4">prt</subfield>
      <subfield code="1">https://id.oclc.org/worldcat/entity/E39PBJwddX43G9kGgbCJq9hGpP</subfield>
    </datafield>
    <datafield tag="752" ind1=" " ind2=" ">
      <subfield code="a">Germany</subfield>
      <subfield code="d">Ulm,</subfield>
      <subfield code="e">publication place.</subfield>
      <subfield code="4">pup</subfield>
    </datafield>
  </record>